The Office Trivia #H - Statistics

General Stats
  • This quiz has been taken 59 times
  • The average score is 10 of 15
Answer Stats
Hint Answer % Correct
Ends up with Michael Scott Holly Flax
100%
Michael takes Jim here for dinner, to cheer him up Hooters
92%
Office security guard Hank
88%
Michael thinks he has __, but its in reality an ingrown hair. Herpes
84%
Dwight, instead of some kid, crowns himself as the Hay King
80%
Pams mothers name Helene
78%
What does HR stand for? Human resources
76%
Formerly Jans assistant Hunter
72%
Is she hot or not? Hillary Swank
70%
Actor of Andy Bernard (surname) Ed Helms
64%
What book does Dwight read to Jim an Pam at Schrute Farms? Harry Potter
56%
Diwali is like a Hindu __ Halloween
48%
Andys a capella band at Cornell Here comes treble
48%
Transfers over from Stamford Hannah
30%
Japanese Warehouse workers Hidetoshi
28%
No matching quizzes found
Score Distribution
Percent of People with Each Score
Percentile by Number Answered
Your Score History
You have not taken this quiz